000 00561cam a2200217 4500
001 J110638
008 000000n2000 000 0 eng u
035 _a(Sirsi) u110638
050 _a333.337
110 _aFPDSavills
_93625
245 _aGreater M25 office survey - Summer 2000
260 _aLondon
_bFPD Savills
_c2000
300 _a1 folded sheet. ; 30cm.
520 _aFirst six months of 2000
650 _aOFFICES
650 _aPROPERTY MARKET
650 _aTAKE UP
650 _aOFFICE SPACE
690 _aCOMMERICAL PROPERTY
942 _n0
999 _c101117
_d101117